000 00875cam a2200229 4500
001 ABS65262
008 020403n2002 000 0 eng u
035 _a(Sirsi) u117329
100 _aWaller, A.
245 _aScreens that hold tenants in
260 _c2002
490 _aEstates Gazette
_v(0211) 16 March 2002, 135(1)
520 _aOne of the outcomes of the dot.com era was that many landlords set up onlines services for their tenants, providing services such as building services help desks and local information. The author argues that both sides can benefit as long as landlords can compete with generic website providers.
590 _aABS
650 _aLANDLORDS
650 _aTENANTS
650 _aONLINE SERVICES
650 _aMANAGING AGENTS
650 _aSOFTWARE
690 _aMANAGEMENT-BUSINESS MANAGEMENT-INFORMATION MANAGEMENT
942 _n0
999 _c69900
_d69900